000 00802nam a2200241 i 4500
001 107955
003 ES-MaACL
005 20250922162633.0
007 t|
008 070103s1970 sp ||||1| spa d
080 _a398.2(728.1)
080 _a86.0(728.1)-34"19"
100 1 _aAsturias, Miguel Ángel,
_d1899-1974
_923701
245 1 0 _aLeyendas de Guatemala /
_cMiguel Ángel Asturias; prólogo de Jorge Campos.
260 _aMadrid :
_bSalvat,
_c1970.
300 _a168 p., 1 h. ;
_c19 cm.
490 1 _aBiblioteca básica Salvat de Libros RTV ;
_v50
650 4 _aLeyendas-
_zGuatemala.
_914379
700 1 _aCampos, Jorge,
_d1916-1983
_934244
830 0 0 _aBiblioteca básica Salvat de libros RTV
_v50
_9185398
852 _aES-MaACL
_jE-2971
_bR.69765
999 _c107955
_d107955